000 01227cam a2200253 i 4500
999 _c58128
_d58128
001 18757979
005 20221108164904.0
008 150824s20172017maua b 001 0 eng
020 _a9780133947649 X
041 _aeng
080 _a376.2 L-63
100 1 _aLewis, Rena B.
_912108
245 1 0 _aTeaching students with special needs in general education classrooms /
_cRena B. Lewis, John J. Wheeler, Stacy L. Carter.
250 _aNinth Edition.
264 1 _aBoston :
_bPearson,
_c2017.
300 _a331 pages :
_billustrations ;
_c28 cm.
653 _aსპეციალური საჭიროების მქონე სტუდენტების სწავლება ზოგადი განათლების საკლასო ოთახებში
653 _aОбучение учащихся с особыми потребностями в общеобразовательных классах
653 _aინკლუზიური განათლება
653 _aИнклюзивное образование
700 1 _aWheeler, John J.,
_eავტორი
_912109
700 1 _aCarter, Stacy L.,
_eავტორი
_912110
942 _2udc
_cBK